Statistics for The Americas Geography by Letter - L

Click here to take the quiz!

General Stats

  • This quiz has been taken 18,286 times
  • The average score is 11 of 21

Answer Stats

Clue Answer % Correct
Biggest city in CaliforniaLos Angeles
98%
"Sin City"Las Vegas
94%
U.S. state where you'll find CajunsLouisiana
90%
Capital of PeruLima
90%
Region of the Americas where Romance
languages are spoken
{Latin} America
86%
Island on which Brooklyn and
Queens are located
Long Island
80%
Nickname of Texas{Lone} {Star} State
78%
Capital of NebraskaLincoln
63%
Capital of ArkansasLittle Rock
63%
Bolivian capital, elevation 11,975 ftLa Paz
62%
Capital of MichiganLansing
60%
Newfoundland and ...Labrador
58%
Biggest city in KentuckyLouisville
56%
Pennsylvania county notable for
its Amish community
Lancaster
32%
"Crookedest" street of San FranciscoLombard
31%
Island chain to the north of the
Windward Islands
{Leeward} Islands
26%
Central business district of ChicagoThe {Loop}
25%
Second biggest city in New MexicoLas Cruces
19%
Highest mountain in CanadaLogan
15%
Biggest city in southern AlbertaLethbridge
10%
Major city of central MexicoLeón
8%

Score Distribution

Percentile by Number Answered

Percent of People with Each Score

Your Score History

You have not taken this quiz